000 nam a22 7a 4500
999 _c9720
_d9720
008 180206b ||||| |||| 00| 0 eng d
100 _aSpark
_95826
245 _aNo Fear Shakespeare: Companion
260 _aNewyork
_bS Park
_c2005